LEADER 01248nam a2200265 i 4500 001 000000360590 003 CaOOAMICUS 005 20241106135032.0 008 241106s2024 it u000 u ita u 020 $a978-88-922-4592-1 040 $aSeMil$bita 100 1 $aOssandón Widow, Juan Carlos,$d<1976- >.$0(OLS)http://semarc/name/120847 245 10$a'Capisci quello che stai leggendo?' :$bil senso letterale nella storia dell'esegesi biblica /$cJuan Carlos Ossandón Widow. 264 1$aCinisello Balsamo :$bSan Paolo,$c2024. 300 $a271 p. ;$c23 cm 490 1 $aL'abside ;$v103 650 4$aEsegesi biblica.$0(OLS)http://semarc/subject/1980 650 4$aBibbia - Interpretazione letterale.$0(OLS)http://semarc/subject/56623 830 2$aL'abside ;$v103.$0(OLS)http://semarc/title/648 850 $aSeMil 852 $aSeMil$W1$xVenegono$y1$m2IA J 103$j252133$B251594$CSeMilBibl$Z2$F251594 $81 996 $6020$a978-88-922-4592-1$9(OLS)http://semarc/number/301717 996 $6245$a'Capisci quello che stai leggendo?' :$bil senso letterale nella storia dell'esegesi biblica$9(OLS)http://semarc/title/451108 996 $6264$aCinisello Balsamo :$bSan Paolo$9(OLS)http://semarc/publisher/30129 LEADER 01759nam a2200313 i 4500 001 000000120409 003 CaOOAMICUS 005 20031119000000.0 008 031119s2003 it u000 u eng u 013 $a93103 020 $a88-7652-967-5 040 $aSeMil$bita 100 1 $aByrnes, Michael .$0(OLS)http://semarc/name/50124 245 10$aConformation to the death of Christ and the hope of resurrection :$ban exegetico-theological study of 2 Corinthians 4,7-15 and Philippians 3,7-11 /$cMichael Byrnes. 260 $aRoma :$bPontificia Università Gregoriana,$c2003. 300 $a321 p. ;$c24 cm. 490 0 $aTesi Gregoriana. Serie Teologia ;$v99 500 $aContiene : Bibliography. 650 4$aBibbia. Nuovo Testamento. Lettera ai Corinzi. 2. - Commentari, studi, critica, interpretazioni.$0(OLS)http://semarc/subject/2859 650 4$aGesù Cristo - Morte.$0(OLS)http://semarc/subject/10992 650 4$aGesù Cristo - Risurrezione.$0(OLS)http://semarc/subject/5599 650 4$aBibbia. Nuovo Testamento. Lettera ai Filippesi - Commentari, studi, critica, interpretazioni.$0(OLS)http://semarc/subject/6018 830 0$aTesi Gregoriana. Serie Teologia ;$v99.$0(OLS)http://semarc/title/351 850 $aSeMil 852 $aSeMil$W1$xVenegono$y1$m2M VI 199$j75596$B75596$CSeMilBibl$Z2$F77108 $81 961 $aSottoscrizione: Città Nuova (Agente) 996 $6020$a88-7652-967-5$9(OLS)http://semarc/number/105656 996 $6245$aConformation to the death of Christ and the hope of resurrection :$ban exegetico-theological study of 2 Corinthians 4,7-15 and Philippians 3,7-11$9(OLS)http://semarc/title/407773 996 $6260$aRoma :$bPontificia Università Gregoriana$9(OLS)http://semarc/publisher/29750